| 000 | 01049nam a22001817a 4500 | ||
|---|---|---|---|
| 999 |
_c62433 _d62433 |
||
| 003 | Ge_BSU | ||
| 005 | 20241031154953.0 | ||
| 008 | 241031s2023 ge ||||| |||| 00| 0 geo d | ||
| 020 | _a9789941357039 | ||
| 041 | _ageo | ||
| 080 | _a821.353.1 : 821.353.1-32 ო-93 | ||
| 245 |
_aXXI საუკუნის ქართული მოთხრობა : _b"ლიტერატურული პალიტრის" ავტორები : [3 ტომად]. ტომი 3 / _cშემდგენელი და რედაქტორი ბესო ხვედელიძე; დიზაინერი თამარ ჯანთიშვილი. |
||
| 264 |
_aთბილისი : _bპალიტრა L, _c2023. |
||
| 300 |
_a420 გვ. ; _b25 სმ. |
||
| 700 |
_aხვედელიძე, ბესო _eშემდგენელი და რედაქტორი _923573 |
||
| 700 |
_aჯანთიშვილი, თამარ _eდიზაინერი _923574 |
||
| 942 |
_2udc _cᲬᲘᲒᲜᲘ |
||